000
00312nam a2200109Ia 4500
008
200302s9999 xx 000 0 und d
100
_a
Blaine Brownell and Others
245
_a
Hyper- Natural Architecture's new relationship with nature
260
_b
Princeton Architectural Press
260
_c
2015
300
_a
175
999
_c
6276
_d
6276